01020nam a2200289Ia 4500008004100000020001800041020001800059020002200077020002200099040001800121041000800139060001100147245018600158260004800344300004500392504005300437650002200490650002300512650001600535650002400551650001800575700003300593700002400626700002400650700003100674700002500705130821s2008 xxuab gr eng  a0 387 74841 5 a0 3877 4840 7 a978 0 387 74840 5 a978 0 387 74841 2 aCo-BoUCMbspa00aeng00aQU 14500aNutrition and physical activity health information sources in EU member states, and activities in the Commission, WHO, and European networkscNicole Wolfram ... [et al.]., editores aNueva York (Estados Unidos)bSpringerc2008 axvi, 582 páginasbilustraciones, mapas aIncluye referencias bibliográficas e índice. aEjerciciozEuropa aMedicina deportiva aNutrición aNutriciónzEuropa aSaludzEuropa1 aFrazzica, Rosa Giuseppaeed.1 aKirch, Wilhelmeed.1 aRigby, Michaeleed.1 aSjöström, Michaeleed.1 aWolfram, Nicoleeed.